Operations management in the supply chain : decisions and cases

Αποθηκεύτηκε σε:
Λεπτομέρειες βιβλιογραφικής εγγραφής
Κύριοι συγγραφείς: Schroeder, Roger G., Rungtusanatham, M. Johnny (Συγγραφέας)
Άλλοι συγγραφείς: Goldstein, Susan Meyer
Μορφή: Βιβλίο
Γλώσσα:English
Δημοσίευση: New York : McGraw-Hill / Irwin, xviii, 558 σ. :
Έκδοση:6th ed.
Θέματα:
Ετικέτες: Προσθήκη ετικέτας
Δεν υπάρχουν, Καταχωρήστε ετικέτα πρώτοι!

MARC

LEADER 00000nam a2200000 a 4500
001 1/111913
008 160915t2013####us | ||| |||| ||eng||
020 |a 9781259060878   |q (χαρτόδετο)  
040 |a GR-MyUa  |b gre  |c GR-MyUa  |e AACR2 
041 0 |a eng 
082 7 |a 658.5   |2 (23)  
100 1 |a Schroeder, Roger G. 
245 1 0 |a Operations management in the supply chain :   |b decisions and cases /   |c Roger G. Schroeder, Susan Meyer Goldstein and M. Johnny Rungtusanatham.  
250 |a 6th ed.  
260 |a New York :   |b McGraw-Hill / Irwin,   |c xviii, 558 σ. :  
300 |a διαγρ., πίν. ;   |b 26 εκ.  
504 |a Περιλαμβάνει βιβλιογραφικές παραπομπές και ευρετήριο.  
650 0 |a Production management. 
650 0 |a Decision making. 
700 1 |a Rungtusanatham, M. Johnny,  |e aut 
700 1 |a Goldstein, Susan Meyer. 
852 |a INST  |b CHIOS  |c EUDOXUS  |e 20160915  |h 658.5 SCH  |p 005200039157  |q 005200039157  |t BK  |y 0 
920 |a Εύδοξος  |b Παραγγελία  |y Χίος-ΤΔΕ  |z 2016-05 
970 |a Σπέντζα  |b Ελένη  |z 15-09-2016